00354nam a2200133Ia 4500003000400000005001700004008004100021040001800062041000800080100004400088110002200132245004600154260002000200OSt20230526152257.0211028s2016 xx 000 0 und d cAIMIT LIBRARY aeng aAkhil, K I; Shetty, Annapoorna.e141901 aAnnapoorna Shetty aWeb solution for a sports governing body. aMangalorec2016